MARC
| LEADER | 00000nam a2200000Ia 4500 | ||
|---|---|---|---|
| 005 | 20260427112647.0 | ||
| 526 | |b FinTech | ||
| 100 | |a Brett King | ||
| 020 | |a 9781118900147 | ||
| 650 | |a Banking | ||
| 526 | |a Masters | ||
| 942 | |c BK | ||
| 245 | |a Breaking Banks | ||
| 260 | |b Wiley | ||
| 999 | |c 26 |d 26 | ||
| 952 | |0 0 |1 0 |4 0 |7 0 |8 3 |a BRISTOL |b BRISTOL |d 2026-04-22 |l 0 |p 000084 |r 2026-04-27 11:26:48 |w 2026-04-27 |y BK | ||